000
00293nam a2200121 a 4500
005
20140414132032.0
008
101021s19uu xx 00 eng d
050
_a
TR
_b
ST7 2003
100
_a
Muth, Jon
245
_a
Stone soup.
260
_a
New York :
_b
Scholastic ,
_c
2003.
999
_c
113644
_d
113644